Statistics for Countries Pusha T has Visited

Click here to take the quiz!

General Stats

  • This quiz has been taken 7 times
    (3 since last reset)
  • The average score is 21 of 25

Answer Stats

ContinentCountry% Correct
OceaniaAustralia
100%
EuropeBelgium
100%
North AmericaCanada
100%
AsiaChina
100%
EuropeFrance
100%
EuropeGermany
100%
EuropeItaly
100%
North AmericaMexico
100%
EuropeNetherlands
100%
EuropePoland
100%
EuropePortugal
100%
Asia/ EuropeRussia
100%
EuropeSpain
100%
EuropeUnited Kingdom
100%
North AmericaUnited States of America
100%
North AmericaBahamas
67%
EuropeDenmark
67%
EuropeIreland
67%
AsiaIsrael
67%
EuropeNorway
67%
EuropeSweden
67%
EuropeSwitzerland
67%
EuropeCroatia
33%
EuropeFinland
33%
EuropeIceland
33%

Score Distribution

Percentile by Number Answered

Percent of People with Each Score

Your Score History

You have not taken this quiz since the last reset